000 01043nam a2200217Ia 4500
003 Ost
005 20260507075735.0
008 260507s9999||||xx |||||||||||||| ||und||
040 _cfsecg
041 _aara
082 _a330.1543
100 _aغرس الدين، محمد
_eمؤلف
245 0 _aمدخل إلى الإقتصاد الرياضي /
_c محمد غرس الدين
260 _a[دون مكان]:
_bمطبعة الإسراء,
_c2004
300 _a256 صفحة؛
_c24 سم
504 _aببلوغرافيا: ص.255
520 _aأهم الأدوات الرياضية المستخدمة في التحليل الإقتصادي،المعادلات والدوال والظواهر الإقتصادية،الوضع الأمثل،البرمجة الخطية وبعض التطبيقات الإقتصادية،نظرية المباريات،مسائل في الإقتصاد الرياضي
653 _aالاقتصاد الرياضي
700 _aياسر، محمد جاد الله
_eمؤلف ثانوي
942 _cكتاب
999 _c46085
_d46085